000 00400nam a2200157Ia 4500
008 210716s2005 xx 000 0 und d
020 _a8178817047
041 _aeng
082 _a338.04 KRIS
100 _aKrishna, Jaya S.
245 _aEnterprise IT emerging landscape.
250 _a1
260 _aHyderabad
_bICFAI University Press
_c2005
300 _axxii,199
650 _aEntrepreneurship
999 _c202329
_d202329